New aspects of naval history : selected papers from the 5th Naval History Symposium /

Bibliographic Details
Corporate Authors: United States Naval Academy History Symposium, United States Naval Academy. Department of History
Format: Conference Proceeding Book
Language:English
Published: Baltimore, Md. : Nautical and Aviation Pub. Co. of America, [1985]
Subjects:

MARC

Tag First Indicator Second Indicator Subfields
LEADER 00000cam a2200000 a 4500
001 in00000590804
005 20151014072959.0
008 860422s1985 mdua b 10010 eng d
010 |a  85062096  
020 |a 0933852517 
035 |a (OCoLC)13471037 
035 |9 ACP3701AM 
040 |a YHM  |c YHM  |d TXA  |d UtOrBLW 
049 |a TXAM  |c [A10134955] 
090 |a D27  |b .U63 1985 
111 2 |a United States Naval Academy History Symposium  |n (5th) 
245 1 0 |a New aspects of naval history :  |b selected papers from the 5th Naval History Symposium /  |c edited by the Department of History, U.S. Naval Academy. 
264 1 |a Baltimore, Md. :  |b Nautical and Aviation Pub. Co. of America,  |c [1985] 
264 4 |c ©1985 
300 |a iii, 213 pages :  |b illustrations ;  |c 27 cm. 
336 |a text  |b txt  |2 rdacontent 
337 |a unmediated  |b n  |2 rdamedia 
338 |a volume  |b nc  |2 rdacarrier 
504 |a Includes bibliographies. 
650 0 |a Naval history  |x Congresses. 
650 0 |a Naval art and science  |x History  |x Congresses. 
710 2 |a United States Naval Academy.  |b Department of History. 
999 |a MARS 
999 f f |s 3689065d-0597-3a1b-a74c-4901dd040e0b  |i 286abc8a-d3e8-3642-9521-9bab5f450447  |t 0 
952 f f |p normal  |a Texas A&M University  |b College Station  |c Sterling C. Evans Library  |d Evans: Library Stacks  |t 0  |e D27 .U63 1985  |h Library of Congress classification  |i unmediated -- volume  |m A14810134955 
998 f f |a D27 .U63 1985  |t 0  |l Evans: Library Stacks